01311cam a2200169 45000010005000000080039000050200015000441000044000592450093001032600035001963000055002314900033002865000019003195050751003387000019010898300033011086011010723s1998 enkac 001 p eng a186019303X1 aBrowning, Elizabeth Barrett,d1806-186110aElizabeth Barrett Browning :ba burning passion /cwritten and compiled by K.E. Sullivan aLondon :bBrockhampton,cc1998 a96 p. :bcol. ill., ports. (chiefly col.) ;c23 cm1 aIllustrated poetry anthology aIncludes index0 aStanzas on the death of Lord Byron -- To -- The autumn -- To Victoire, on her marriage -- Weariness -- Remonstrance -- The cry of the children -- Sleeping and watching -- A child's thought of God -- The sleep -- Tears -- Grief -- A thought for a lonely death-bed -- Pain in pleasure -- Discontent -- Life -- Love -- Cowper's grave -- Song of the rose -- Sonnets from the Portuguese : (extracts) -- Bereavement -- Past and future -- Work -- Casa Guidi windows : a poem (1851) : extract -- Aurora Leigh (1856). First book : (extract) -- Poems before Congress (1860). Christmas gifts ; A curse for a nation : (extract) -- Little Mattie -- My Kate -- My heart and I -- A musical instrument -- Parting lovers : (extract) -- Mother and poet : (extract)1 aSullivan, K. E 0aIllustrated poetry anthology